Industrial Organization and Management /

Saved in:
Bibliographic Details
Main Author: Davis, Ralph Currier (Author)
Format: Book
Language:English
Published: New York : Harper and Brothers Publ, 1956
Tags: Add Tag
No Tags, Be the first to tag this record!

MARC

LEADER 00000nam a22000003a 4500
001 stu35426
005 20150617225731.7
008 920417s1956----xxu-----------------eng-d
040 |a STU  |b slo 
041 0 |a eng 
044 |a xxu 
100 1 |a Davis, Ralph Currier  |4 aut 
245 1 |a Industrial Organization and Management /  |c [aut.]Ralph Currier Davis 
260 |a New York :  |b Harper and Brothers Publ,  |c 1956 
300 |a 953 s 
996 |b 284M002630  |c M*4679-1  |l MMKN  |s A  |a 24  |w stu35426_0001